000 00792nam a2200265 i 4500
001 bgj
100 1 _aFromm, Erich
_d(1900-1980).
245 1 0 _aDie Furcht vor der Freiheit /
_cErich Fromm ; [aus dem Amerikanischen neu übersetzt von Liselotte und Ernst Mickel].
260 _aStuttgart :
_bDeutsche Verlags-Anstalt,
_c1983.
300 _a269 s. ;
_c22 cm.
504 _aBibliogr. s. [256]-260. Indeks.
650 _aPsychologia
650 _aHitleryzm
_xpsychologia
650 _aPsychologia społeczna
_xzagadnienia
700 1 _aMICKEL, Liselotte.
700 1 _aMICKEL, Ernst.
020 _a3421061440
040 _cBPK
041 0 _ager
044 _aDEU
080 _a159.9
920 _a3-421-06144-0
942 _cKS
008 s gw f |000 0 ger
999 _c50721
_d50721
856 _uhttp://koha.tu.koszalin.pl/cgi-bin/koha/opac-detail.pl?biblionumber=50721
_yKatalog online BPK